<?xml version="1.0" encoding="UTF-8"?>
<collection xmlns="http://www.loc.gov/MARC21/slim">
 <record>
  <leader>01157nab a2200169 i 4500</leader>
  <controlfield tag="001">univ73708</controlfield>
  <controlfield tag="005">20250318105734.0</controlfield>
  <controlfield tag="008">250318s2024    hu      o     000   hun d</controlfield>
  <datafield tag="040" ind1=" " ind2=" ">
   <subfield code="a">SZTE UnivHistória Repozitórium</subfield>
   <subfield code="b">hun</subfield>
  </datafield>
  <datafield tag="041" ind1=" " ind2=" ">
   <subfield code="a">hun</subfield>
  </datafield>
  <datafield tag="100" ind1="1" ind2=" ">
   <subfield code="a">Hollósi Zsolt</subfield>
  </datafield>
  <datafield tag="245" ind1="1" ind2="0">
   <subfield code="a">Botrány a poloskázásból, tüntetés Belgrádban, szegedi Széchenyi-díjasok </subfield>
   <subfield code="h">[elektronikus dokumentum] :</subfield>
   <subfield code="b">Szegedi Híradó 2025. március 17. /</subfield>
   <subfield code="c"> Hollósi Zsolt</subfield>
  </datafield>
  <datafield tag="260" ind1=" " ind2=" ">
   <subfield code="c">2024-03-17</subfield>
  </datafield>
  <datafield tag="490" ind1="0" ind2=" ">
   <subfield code="a">Tv.szeged.hu</subfield>
  </datafield>
  <datafield tag="561" ind1=" " ind2=" ">
   <subfield code="a">Egyetemi hirarchívum</subfield>
  </datafield>
  <datafield tag="695" ind1=" " ind2=" ">
   <subfield code="a">Televíziós összeállítás - Szeged TV - Híradó, Nemzeti ünnep - március 15., Kitüntetés, Varró András - professor emeritus - Széchenyi-díj, Farmakológiai és Farmakoterápiai Intézet, Duda Ernő - professor emeritus - Széchenyi-díj, Orvosi Biológiai Intézet, Szent-Györgyi Albert Orvostudományi Kar - SZAOK</subfield>
  </datafield>
  <datafield tag="856" ind1="4" ind2="0">
   <subfield code="u">http://univ.bibl.u-szeged.hu/73708/1/Szeged%20TV%20-%20Botr%C3%A1ny%20a%20polosk%C3%A1z%C3%A1sb%C3%B3l%2C%20t%C3%BCntet%C3%A9s%20Belgr%C3%A1dban%2C%20szegedi%20Sz%C3%A9chenyi-d%C3%ADjasok%20%E2%80%93%20Szegedi%20H%C3%ADrad%C3%B3%202025.%20m%C3%A1rcius%2017_.pdf</subfield>
   <subfield code="z">Dokumentum-elérés </subfield>
  </datafield>
 </record>
</collection>
